000 00722nam a2200205 4500
999 _c9101
_d9101
003 BD-JhCC
005 20180717101648.0
008 180308b1972 bg ||||| |||| 00| 0 ben d
035 _a(BD-JhCC)
040 _aBD-JhCC
_dBD-JhCC
041 _aeng
082 _a954.9205
_bIBR 1972
100 _aইব্রাহিম, নীলিমা
245 _aমুক্তি সংগ্রাম প্রথম পর্ব /
_c নীলিমা ইব্রাহিম
260 _aঢাকা:
_bবাংলা বিভাগ ঢাকা বিশ্ববিদ্যালয়
_c1972.
300 _a439 p. :
_c22 cm.
650 _aLiberation war
_xHistory
_zBangladesh
942 _2ddc
_cBK